Toutes les communes du canton de Machecoul-Saint-Même (44) - Statistiques

Statistiques générales
  • Ce quiz a été pris 35 fois
    34 depuis la dernière actualisation
  • Le résultat moyen est 6 sur 13
Réponses sur la Carte
Les réponses sont colorées sur une échelle allant du rouge au vert en fonction du pourcentage des utilisateurs qui les ont devinées à leur premier essai. Vous pouvez retrouver ces pourcentages ci-dessous.
 
Statistiques - réponses
Commune % Correct
Machecoul-Saint-Même
92%
Saint-Hilaire-de-Chaléons
58%
La Marne
50%
Paulx
50%
Port-Saint-Père
50%
Sainte-Pazanne
50%
Saint-Étienne-de-Mer-Morte
50%
Villeneuve-en-Retz
42%
Vue
42%
Rouans
33%
Saint-Mars-de-Coutais
33%
Chaumes-en-Retz (Fraction)
25%
Cheix-en-Retz
25%
Aucun quiz correspondant
Distribution des résultats
% des personnes avec chaque résultat
Percentile par nombre de réponses
Votre historique - résultats
Vous n’avez pas pris ce quiz depuis la dernière actualisation